000 00563nam a22001937a 4500
005 20251028125818.0
008 251028b |||||||| |||| 00| 0 eng d
020 _a9780340928882
050 _aRT42
_b.N868
245 _aNursing Practice and Health Care
_cedited by Sue Hinchliff, Sue Norman & Jane Schober
250 _a5th ed.
260 _aUK
_bHodder Arnold
_c2008
300 _axv. 581p.
_bill. some color
_c28cm
500 _aincludes index
700 _aHinchliff, Sue
700 _aNorman, Sue
700 _aSchober, Jane
942 _2lcc
_cBK
_e5th ed.
_n0
999 _c7851
_d7851